000
00286nam a22001217a 4500
008
170609b xxu||||| |||| 00| 0 eng d
041
_a
eng
080
_a
328
100
_a
19
101
_a
SHP
245
_a
A MORE PERFECT UNION INQURY AND ANALYSIS
_c
HAARIS .H
942
_2
udc
_c
BK
999
_c
16779
_d
16779